| 000 | 00407nam a2200157Ia 4500 | ||
|---|---|---|---|
| 008 | 180921t2016 xxu||||| |||| 00| 0 eng d | ||
| 041 | _aeng | ||
| 080 |
_a294.3 _bGNA |
||
| 100 | _aGnanananda Himi,Kiribathgoda | ||
| 245 | 4 | _aThe Great Arahant Bahiya Daruchiriya | |
| 260 |
_bMahamegha _aPolgahawela _c2016 |
||
| 300 | _b48p, 31cm | ||
| 942 | _cBK | ||
| 999 |
_c1878 _d1878 |
||
| 003 | LK-CoDNM | ||
| 040 |
_aLK-CoDNM _dLK-CoDNM _eLK-CoDNM |
||